00422nam a2200169Ia 4500003000400000005001700004008004100021020001300062040000700075041000800082082002300090100002300113245004200136260004500178300001600223365001300239OSt20230511154611.0210423s2006 xx 000 0 und d a19568631 cAL aeng a574.072223b HOLD aHOLMES (D);others. aResearch methods for the biosciences. aNew DelhibOxford University Pressc2006 axvi,381bPB b995cINR